000 00569nam a2200193Ia 4500
999 _c46633
_d46633
003 GCL
005 20240530104335.0
008 140319s9999 xx 000 0 ara d
040 _aGCL /
_cGCL
082 0 4 _a550
_bم ط
100 1 _aمحمد جمال الدين الفندى
245 1 0 _aطبيعيات البحر وظواهرة /
_cمحمد جمال الدين الفندى
300 _a223 ص
650 0 4 _aالغلاف الجوى
650 0 4 _aالارض
650 0 4 _aالثروة المائية
650 0 4 _aالغلاف المائى
942 _2ddc
_cBK